| 000 | 00709nam a2200241 a 4500 | ||
|---|---|---|---|
| 001 | 000048103 | ||
| 003 | DO-SdBNP | ||
| 005 | 20240412074306.0 | ||
| 007 | ta | ||
| 008 | 181115e2015 dr er 000 p spa d | ||
| 020 | _a9789945583830 | ||
| 040 |
_aDO-SdBNP _bspa _cBNPHU |
||
| 082 | 4 |
_bS138i _222 |
|
| 100 | 1 |
_aSaint-Fleur, Gahston _949405 |
|
| 245 | 1 | 0 |
_aÍnsula de caravanas / _cGahston Saint-Fleur. |
| 260 |
_aSanto Domingo : _bSantuario, _c2015 |
||
| 300 |
_a79 p. ; _c23 cm |
||
| 500 | _aIncluye datos biográficos del autor en las solapas de las cubiertas. | ||
| 590 | _aInventariado, 2018/LP | ||
| 650 | 0 |
_aLiteratura dominicana. _967 |
|
| 650 | 4 |
_923837 _aPoesía Dominicana |
|
| 942 |
_2ddc _cLBS1 |
||
| 999 |
_c47591 _d47591 |
||